[Event "Enghien les Bains"]
[Site "Enghien les Bains"]
[Date "2003.06.13"]
[Round "1"]
[White "Lautier, Joel"]
[Black "Fressinet, Laurent"]
[Result "1/2-1/2"]
[WhiteElo "2666"]
[BlackElo "2595"]
[Annotator "Lutz,C"]
[PlyCount "122"]
[EventDate "2003.06.13"]
[EventType "tourn"]
[EventRounds "9"]
[EventCountry "FRA"]
[EventCategory "17"]
[SourceTitle "CBM 096"]
[Source "ChessBase"]
[SourceDate "2003.09.25"]
[SourceVersion "1"]
[SourceVersionDate "2003.09.25"]
[SourceQuality "1"]

1. d4 d5 2. c4 e6 3. Nc3 c6 4. e3 Nf6 5. Nf3 Nbd7 6. Bd3 dxc4 7. Bxc4 b5 8. Bd3
Bb7 9. O-O a6 10. e4 c5 11. d5 Qc7 12. dxe6 fxe6 13. Bc2 Qc6 $5 {Ein selten
gespielter Zug von Alexej Dreev. Die schwarze Idee besteht darin, auf der
Diagonalen a8-h1 Gegendrohungen zu schaffen.} (13... c4) (13... Bd6) 14. Bf4 (
14. Qe2 Bd6 (14... Be7 $5 15. e5 Nd5 {/\} 16. Be4 $2 Nxc3 {Dreev}) 15. Ng5 Be5
16. f4 Bd4+ 17. Kh1 e5 (17... h6 18. e5 hxg5 19. exf6 Nxf6 20. fxg5 Nd5 21.
Bg6+ Kd8 22. Rf7 Qd6 23. Bh5 g6 24. Ne4 Qe5 25. Rxb7 Rxh5 26. g3 Ne3 27. Qf3
Rxh2+ 28. Kxh2 Qh8+ 29. Kg1 Nc2+ 30. Nf2 Nxa1 31. Rh7 Bxf2+ 32. Kg2 {1-0
Schandorff,L-Rasmussen,K/Danmark 2000/EXT 2002 (32)}) 18. a4 (18. Nd5 $5 Rc8 $5
19. fxe5 $5 $40 {Sadler}) 18... Bxc3 19. axb5 axb5 20. Rxa8+ Bxa8 21. bxc3 O-O
22. c4 b4 23. Bb2 $14 {1-0 Sadler,M-Fressinet,L/Hastings 1998/CBM 69/[Lutz] 
(76)}) (14. Re1 Bd6 {/\} (14... Rd8 15. Qe2 Bd6 16. Ng5 Bb8 17. f4 h6 18. Nf3
e5 19. Nd5 Qe6 20. a4 c4 21. axb5 axb5 22. fxe5 Nxe5 23. Nd4 Qg4 24. Bf4 Qxe2
25. Rxe2 Kf7 26. Nxb5 $14 {1/2-1/2 Sasikiran,K-Sandipan,C/Guntur, AP 2000/CBM
77 (67)}) 15. Ng5 Bc7 16. f4 O-O {Dreev}) (14. e5 $2 Nxe5 15. Nxe5 $4 Qxg2#)
14... Rd8 (14... Be7 $6 15. e5 Nd5 16. Be4 {Dreev}) 15. Qe2 Be7 16. e5 $1 $146
{Lautier setzt die schwarze Stellung sogleich mit direkten Aktionen unter
Druck.} (16. Rad1 $6 {Dieser Zug ist wahrscheinlich zu abstrakt.} O-O 17. Rfe1
(17. e5 Nh5 {Dreev}) 17... Nh5 18. Bc1 Qb6 19. Rxd7 Rxd7 20. Ne5 Nf6 21. Nxd7
Nxd7 22. e5 c4 23. Be3 Qc6 24. Be4 Qc8 25. Bc2 Qc6 26. Be4 Qc8 27. Bc2 Nc5 $15
{1/2-1/2 Timman,J-Dreev,A/Elista 1998/CBM 66 ext (37)}) 16... Nd5 $6 {Jetzt
kommt Weiß mit einfachen Zügen zum Angriff.} (16... Nh5 $5 {ist vielleicht
besser.} 17. Bd2 $5 (17. Be3 O-O 18. Be4 Qb6) 17... O-O 18. Be4 Qb6 (18... Qc7
19. Ng5 Bxe4 20. Ncxe4 Bxg5 21. Bxg5 Nf4 22. Qe3 $16) 19. Ng5 Bxe4 20. Qxe4 g6
$14) 17. Nxd5 Qxd5 18. Rfd1 Qc6 19. Bg5 $1 Nb6 (19... Bxg5 20. Rd6 $1 Qc8 21.
Nxg5 $16) 20. Rxd8+ Bxd8 21. Bxd8 Kxd8 22. Rd1+ Nd5 23. Ng5 Kc7 24. Qg4 Kb6 25.
Bxh7 $16 {Damit hat Weiß einen Bauern gewonnen, aber die Sache ist noch nicht
klar.} Qe8 26. Be4 Qh5 27. Qxh5 Rxh5 28. Nf7 Kc7 29. Re1 Bc6 30. g3 Ne7 31. f4
Bxe4 32. Rxe4 Nd5 33. Kg2 Rf5 34. Ng5 Kd7 35. Re2 c4 36. Kf3 Rf8 37. Rd2 Ke7
38. Ke4 $6 (38. h4 $5) 38... Rd8 39. Kf3 {Vermutlich war dieser Rückzug nicht
geplant.} (39. Nxe6 $5 Nc3+ 40. Ke3 Nd5+ 41. Rxd5 Rxd5 42. Nxg7 $13) 39... b4
40. Ne4 c3 41. bxc3 bxc3 42. Rc2 Rc8 43. Ke2 Rc7 44. a3 Rc8 45. Rc1 Rc4 46. Kd3
Ra4 47. Nxc3 Rxa3 48. Kd4 Nb4 49. Rb1 a5 50. Kc4 Kf7 51. Rd1 Ke7 52. Rd6 Nc2
53. Nb5 Ne3+ 54. Kc5 Ra1 55. Ra6 Rc1+ 56. Kd4 Nf5+ 57. Ke4 Rb1 58. Ra7+ Kf8 59.
Rxa5 (59. Nc7 $5 Re1+ 60. Kd3) 59... Rb3 60. Ra8+ Ke7 61. Ra7+ Kf8 1/2-1/2

[Event "Czerniak Memorial 15th"]
[Site "Tel Aviv"]
[Date "1999.04.08"]
[Round "9"]
[White "Greenfeld, Alon"]
[Black "Karolyi, Tibor Jr"]
[Result "1-0"]
[WhiteElo "2521"]
[BlackElo "2432"]
[Annotator "Lutz,C"]
[PlyCount "83"]
[EventDate "1999.03.??"]
[EventType "tourn"]
[EventRounds "9"]
[EventCountry "ISR"]
[EventCategory "10"]
[SourceTitle "CBM 071"]
[Source "ChessBase"]
[SourceDate "1999.08.01"]
[SourceVersion "1"]
[SourceVersionDate "1999.08.01"]
[SourceQuality "1"]

1. d4 d5 2. c4 c6 3. Nf3 Nf6 4. Nc3 e6 5. e3 Nbd7 6. Bd3 dxc4 7. Bxc4 b5 8. Bd3
a6 9. e4 c5 10. e5 cxd4 11. Ne4 $5 {San Segundos Idee, die den Theoriewust
nach 11.Nxb5 umgeht. Wie es scheint, ist dieser Zug nicht ohne Gift.} (11. Nxb5
) 11... Nd5 (11... Ng4 12. Bf4 Qa5+ 13. Ned2 Nc5 14. Qe2 Bb7 15. O-O Nxd3 16.
Qxd3 Rd8 17. Ne4 $36 {1-0 San Segundo,P-Illescas Cordoba,M/Zaragoza 1996/Inf
66 (31)}) 12. O-O h6 (12... Qc7 13. Bg5 Nxe5 14. Nxe5 Qxe5 15. Re1 Qb8 (15...
Qc7 16. Rc1 Qd7 17. Bb1 Bb4 18. Qxd4 O-O 19. Nf6+ Nxf6 20. Qxb4 Rd8 21. Bxf6
gxf6 22. Rc3 Qd4 23. Qa3 b4 24. Rg3+ Kf8 25. Qf3 Ra7 26. Qh5 $44 {San Segundo,
P-Gurevich,D/Linares (open) 1995/Inf 64 (26)}) 16. Rc1 Qb6 17. Qg4 Bb7 18. a4
Bb4 19. Re2 bxa4 20. Bh4 $40 {1-0 San Segundo,P-Vera,R/Alcobendas 1994/Inf 64 
(34)}) 13. a4 b4 14. Bc4 Bb7 15. a5 (15. Qxd4 Qb6 16. Rd1 $1 Rc8 17. a5 Qxd4
18. Rxd4 Nc5 19. Nd6+ Bxd6 20. exd6 O-O 21. Bd2 $14 {1/2-1/2 Kortschnoj,
V-Gelfand,B/Madrid 1996/CBM 53/[Gelfand] (44)}) 15... Nc5 $146 (15... Qc7 $5
16. Qxd4 Bc5 17. Nxc5 Qxc5 18. Qg4 g5 19. Bb3 Qc7 20. Bd2 Nxe5 21. Nxe5 Qxe5
22. Rfe1 Qxb2 23. Bxb4 Qxb3 24. Rxe6+ fxe6 25. Qxe6+ Kd8 26. Qd6+ Ke8 27. Qg6+
Kd8 28. Qd6+ Ke8 29. Qe6+ Kd8 30. Be7+ Nxe7 31. Qxb3 Bd5 32. Rd1 Ke8 33. Rxd5
Nxd5 34. Qxd5 Ke7 35. Qe5+ Kf7 36. Qf5+ Kg7 37. Qd7+ Kg6 38. Qe6+ Kg7 39. Qd7+
Kg6 40. Qd6+ Kg7 41. Qd7+ {1/2-1/2 San Segundo,P-Korneev,O/Malaga 1999/CBM 68
ext (41)}) (15... Qb8 16. Qxd4 Qa7 17. Qd3 $6 (17. Rd1 Qxd4 18. Rxd4 {führt zu
Gelfand-Kortschnoj mit einem Mehrtempo für Weiß.}) 17... Nc5 18. Nxc5 Bxc5 19.
Qe2 Rd8 20. Bd3 Ne7 21. Be4 Bxe4 22. Qxe4 Rd5 23. Be3 Bxe3 24. fxe3 O-O $15 {
1/2-1/2 Larsen,S-Wilson,J/Hastings 1995/CBM 50 ext (64)}) 16. Qxd4 Rc8 17. Bd2
$1 (17. Nd6+ Bxd6 18. exd6 O-O 19. Bd2 $14 {ist etwas besser für Weiß laut
Gelfand, aber Greenfelds Zug ist noch stärker, da er ein Tempo gewinnt.}) 17...
Be7 18. Rfc1 O-O (18... Nxe4 19. Qxe4 {Schwarz hat Probleme mit seiner
Entwicklung, denn} O-O 20. Bd3 $16 {ist unangenehm.}) 19. Nd6 Bxd6 20. exd6 Qf6
(20... Qxd6 21. Bxb4 $18 {und die Fesselung entlang der Diagonalen b4-f8
kostet Material.}) 21. Qxf6 gxf6 22. Bxh6 $16 Rfd8 23. Bd2 Rxd6 24. Bxd5 Rxd5
25. Bxb4 Nb3 26. Rxc8+ Bxc8 27. Ra3 Rd1+ 28. Ne1 Nd2 (28... Nc1 $142) 29. Bxd2
Rxd2 30. Rd3 $18 Rxd3 31. Nxd3 Bd7 32. Nc5 Bb5 33. f4 Kg7 34. Kf2 Kg6 35. Ke3
Kf5 36. h3 e5 37. g4+ Kg6 38. f5+ Kg7 39. Ne4 Bc6 40. b4 Bd7 41. h4 Bc6 42. g5
1-0

[Event "Dos Hermanas-A"]
[Site "Dos Hermanas"]
[Date "2003.04.05"]
[Round "9"]
[White "Vallejo Pons, Francisco"]
[Black "Shirov, Alexei"]
[Result "1/2-1/2"]
[WhiteElo "2629"]
[BlackElo "2723"]
[Annotator "Lutz,C"]
[PlyCount "68"]
[EventDate "2003.03.28"]
[EventType "tourn"]
[EventRounds "9"]
[EventCountry "ESP"]
[EventCategory "16"]
[SourceTitle "CBM 095"]
[Source "ChessBase"]
[SourceDate "2003.07.25"]
[SourceVersion "1"]
[SourceVersionDate "2003.07.25"]
[SourceQuality "1"]

1. Nf3 d5 2. d4 c6 3. c4 Nf6 4. Nc3 e6 5. e3 Nbd7 6. Bd3 dxc4 7. Bxc4 b5 8. Bd3
Bb7 9. O-O a6 10. e4 c5 11. d5 Qc7 12. dxe6 fxe6 13. Qe2 $5 {Diese Variante
ist schon ein seit einiger Zeit aus der Mode, da die Partiefolge als
befriedigend für Schwarz eingeschätzt wird.} (13. Bc2 {war und ist der
kritische Zug der letzten Jahre.} c4 (13... Bd6 14. Ng5 $1) 14. Nd4 $1) 13...
c4 14. Bc2 Bd6 15. Ng5 Nc5 16. f4 h6 $1 (16... e5 {Beliavsky,A} 17. fxe5 Bxe5
18. Nf3 Bxc3 19. bxc3 O-O 20. e5 Rfe8 21. Be3 $1 Bxf3 22. Qxf3 Qxe5 23. Bd4 $44
) 17. Nh3 (17. Nf3 Nd3 18. Bxd3 (18. e5 Bc5+ 19. Kh1 Nd5 $13 {Shirov,A}) 18...
cxd3 19. Qxd3 O-O $44 {Bareev,E-Shirov,A/Hastings 9192}) 17... e5 (17... Nd3 $5
{Beliavsky,A} 18. e5 Bc5+ 19. Kh1 Nd5 20. Nxd5 Bxd5 21. b3 O-O $13) 18. a4 Nd3
$146 {Eine Neuerung, die die Stellung in der Balance hält. Allerdings ist auch
18...0-0 in Ordnung für Schwarz.} (18... Ne6 19. Nd5 Bxd5 20. exd5 Nd4 21. Bg6+
Kd8 22. Qf2 $1 Bc5 (22... e4 $6 {Prudnikova,S} 23. Be3 Bc5 24. Rfd1) 23. Kh1
Nb3 24. Qh4 $1 Nxa1 25. Ng5 Kc8 26. Ne6 $44 {Prudnikova,S-Celushkina,I/Sankt
Peterburg 1992}) (18... O-O $1 19. axb5 Ne6 $1 20. bxa6 (20. f5 {Beliavsky,A}
Nd4 21. Qd1 axb5 $17) 20... Rxa6 $5 (20... exf4 $5 {Beliavsky,A} 21. e5 f3 $1
$17) 21. Rxa6 (21. Nd5 {Beliavsky,A} Nxd5 22. Rxa6 Qc5+ $17) 21... Bxa6 22.
fxe5 (22. Nd5 Nxd5 23. exd5 Nd4 24. Qe4 Nxc2 25. Qxc2 exf4 $17) (22. g3 $5)
22... Bxe5 $36 {Jelen,Ig-Beliavsky,A/Slovenia 1996}) (18... Ne6 {- 54/441}) 19.
Bxd3 cxd3 20. Qxd3 b4 21. Nd5 Nxd5 22. exd5 O-O {Angesichts des abseitsstehend
Nh3 kann Weiß seinen derzeigen Mehrbauern auf d5 nicht halten.} 23. Be3 exf4
24. Rac1 Qd7 25. Bxf4 Rad8 26. a5 Rf5 27. Bxd6 Rxf1+ 28. Rxf1 Qxd6 29. Nf4 Bxd5
30. Nxd5 Qc5+ 31. Kh1 Qxd5 32. Qxa6 Ra8 33. Qb6 Qxa5 34. Qe6+ Kh8 1/2-1/2

[Event "North Sea Cup 18th"]
[Site "Esbjerg"]
[Date "2003.07.09"]
[Round "6"]
[White "Schandorff, Lars"]
[Black "Sasikiran, Krishnan"]
[Result "0-1"]
[WhiteElo "2563"]
[BlackElo "2658"]
[Annotator "Lutz,C"]
[PlyCount "112"]
[EventDate "2003.06.04"]
[EventType "tourn"]
[EventRounds "9"]
[EventCountry "DEN"]
[EventCategory "15"]
[SourceTitle "CBM 096"]
[Source "ChessBase"]
[SourceDate "2003.09.25"]
[SourceVersion "1"]
[SourceVersionDate "2003.09.25"]
[SourceQuality "1"]

1. d4 d5 2. c4 c6 3. Nf3 Nf6 4. Nc3 e6 5. e3 Nbd7 6. Bd3 dxc4 7. Bxc4 b5 8. Bd3
a6 9. e4 c5 10. d5 Qc7 11. O-O c4 12. Bc2 Bc5 $5 13. b3 $6 {Weiß knabbert
direkt den schwarzen Damenflügel an, noch ehe die Lage im Zentrum geklärt ist.
Mir erscheint 13.dxe6 oder 13.Qe2 besser.} (13. Bd2 $5 {0-1 Kozul,Z-Bareev,E/
Sarajevo 2003/CBM96/[Lutz] (37)}) 13... Nb6 $5 $146 {Dieser Zug ist neu,
scheint aber recht vernünftig zu sein.} (13... O-O 14. bxc4 bxc4 (14... b4 15.
Na4 Bd6 16. Bb2 Ne5 17. Nxe5 Bxe5 18. Bxe5 Qxe5 19. f4 Qc7 20. e5 $16 {1/2-1/2
Sukharev,S-Shmeliov,D/Kharkov 2003/CB03 (62)}) 15. Rb1 Ne5 (15... e5 16. Bg5
Ne8 17. Qe2 f6 18. Bd2 Nd6 19. Na4 a5 $13 {1/2-1/2 Flumbort,A-Todorovic,G/
Budapest 2003/CBM 93 ext (32)}) 16. Nxe5 Qxe5 17. Qf3 exd5 18. Nxd5 Nxd5 19.
exd5 Bd6 20. g3 Qd4 $13 {1/2-1/2 Schandorff,L-Brinck Claussen,B/Copenhagen
2002/CBM 88 (35)}) (13... Bb4 14. Ne2 exd5 15. exd5 O-O 16. bxc4 bxc4 17. Rb1
Bd6 18. Nc3 Ne5 $132 {1-0 Pinter,J-Kiss,P/HUN 1999/EXT 2000 (51)}) (13... cxb3
14. axb3 Bb7 15. Bb2 O-O 16. Rc1 e5 17. Ne2 Qd6 18. Ng3 g6 19. Qd2 $14 {
1-0 Schandorff,L-Villamayor,B/Bled 2002/EXT 2003 (53)}) (13... Ne5 14. Bf4 Bd6
(14... Nxf3+ 15. Qxf3 e5 16. Bg5 Bd4 17. Bxf6 gxf6 18. Rac1 Rg8 19. h3 Bxc3 20.
Qxc3 $36 {1-0 Ortega,L-Scotti,U/Montecatini Terme 1999/EXT 2000 (26)}) 15. Nxe5
Bxe5 16. d6 Qc5 17. b4 Qd4 18. Bxe5 Qxe5 19. Qd2 g5 20. f4 gxf4 21. Rxf4 Rg8
22. Raf1 Rg6 23. Nd5 exd5 24. exd5 $40 {1-0 Yakovich,Y-Hector,J/Stockholm 2001/
CBM 79 ext (38)}) 14. bxc4 Nxc4 15. Bd3 O-O 16. a4 b4 17. Bxc4 bxc3 18. Qd3
exd5 19. exd5 Re8 20. Ba3 $2 {Danach übernimmt Schwarz die Initiative.} (20.
Qxc3 $142 Nxd5 $6 (20... Re4 $132) 21. Bxd5 $1 Bxf2+ 22. Rxf2 Qxc3 23. Bb2 {
/\ Ba8}) 20... Bf5 $1 21. Qxf5 (21. Qxc3 Nxd5) 21... Bxa3 22. Bb3 Rab8 23. Bc2
Bc5 $15 {Die Lage hat sich zugunsten des Schwarzen geklärt. Er steht besser,
weil sein Pc3 weiter vorgerückt ist als der Pd5 und der Bc5 aktiver ist als
der Bc2. Aber die Präsenz ungleichfarbiger Läufer macht es zunächst schwer für
Schwarz, Fortschritte zu erzielen.} 24. Rfe1 Qd6 25. Rxe8+ Rxe8 26. Re1 Rxe1+
27. Nxe1 g6 28. Qf3 Bd4 29. g3 Kg7 30. Nd3 a5 31. Kg2 h5 32. h3 Qb6 {Schwarz
hätte hier sofort den Pd5 schlagen können, aber Sasikiran wartet noch eine
günstigere Gelegenheit ab} (32... Qxd5) 33. Nf4 (33. Kg1 $5) 33... Be5 34. Nd3
Bd6 {Jetzt droht Schwarz mittels ...Qd4 nebst ...Nxd5 den Pd5 abzuholen, ohne
dabei Damentausch zuzulassen. Daher forciert Schandorff nun das Geschehen.} 35.
Qe3 Qxe3 36. fxe3 Nxd5 $17 {Der Damentausch ist nun in einer schlechteren Form
geschen, da Weiß nun zwei schwache Bauern auf e3 und g3 hat.} 37. Kf3 f5 38. e4
Ne7 39. Nc1 Nc6 40. Ne2 Nb4 41. Bb3 fxe4+ 42. Kxe4 c2 43. Ke3 Be7 44. h4 g5 $1
$19 45. Kd2 gxh4 46. gxh4 Bxh4 47. Bxc2 Bg5+ 48. Kd1 Nxc2 49. Kxc2 h4 50. Ng1
Kf6 51. Kd3 Kf5 52. Ke2 Kg4 53. Nf3 Bf4 54. Nd4 h3 55. Kf1 Be3 56. Nc6 Kg3 0-1

[Event "Nussloch"]
[Site "Nussloch"]
[Date "1996.??.??"]
[Round "9"]
[White "Piket, Jeroen"]
[Black "Slobodjan, Roman"]
[Result "1-0"]
[WhiteElo "2570"]
[BlackElo "2525"]
[Annotator "Lutz,C"]
[PlyCount "83"]
[EventDate "1996.??.??"]
[EventType "tourn"]
[EventRounds "11"]
[EventCountry "GER"]
[EventCategory "15"]
[SourceTitle "CBM 053"]
[Source "ChessBase"]
[SourceDate "1996.08.01"]
[SourceVersion "1"]
[SourceVersionDate "1996.08.01"]
[SourceQuality "1"]

1. d4 {Ftacnik} d5 2. c4 c6 3. Nc3 Nf6 4. Nf3 e6 5. e3 Nbd7 6. Bd3 dxc4 7. Bxc4
b5 8. Bd3 Bb7 (8... a6 9. e4 c5 10. d5 c4 (10... e5 $6 11. b3 $1 $14) 11. Bc2
$6 (11. dxe6 $1) 11... e5 $1 $13) 9. O-O a6 10. e4 c5 11. d5 e5 $2 {[%csl Rb7]
Dieser Stellungstyp genießt selbst mit dem schwarzen Damenläufer auf c8 kein
allzu großes Vertrauen. Daß er nun auf b7 steht, ist nicht gerade förderlich.}
(11... Qc7) (11... c4) 12. b3 $1 {Weiß läßt das entlastende ...c4 nicht zu.}
Qc7 (12... Bd6 13. Re1 O-O 14. Bf1 h6 15. Bb2 Re8 16. a4 b4 17. Nb1 Nxe4 18.
Rxe4 f5 19. Re1 e4 20. Nfd2 Nf6 21. h3 Nxd5 22. Nc4 Bc7 23. Qh5 Qg5 24. Qxg5
hxg5 25. Nbd2 {1-0 Ree,H-Lombardy,W/Amsterdam IBM (01)/1974/ (41)}) (12... g6
13. a4 b4 14. Nb1 Bg7 15. Nbd2 O-O 16. Nc4 Ne8 17. a5 Bxd5 18. exd5 e4 19. Bg5
f6 20. Bxe4 fxg5 21. d6 Ra7 22. Qd5+ Kh8 23. Rae1 Bc3 24. Re3 g4 25. Ng5 Qf6
26. Ne6 {1-0 Vukic,M-Raicevic,V/JUG-ch/1981/ (32)}) 13. Be3 {[%csl Gc4][%cal
Ra2a4]} c4 {Schwarz schafft sich selbst einen schwachen c-Bauern, aber sonst
hätte sich Weiß mit der Aufrollaktion a2-a4 das Feld c4 gesichert.} (13... Bd6
14. Nd2 O-O 15. a4 $16) 14. bxc4 bxc4 15. Bc2 Bb4 16. Na4 $16 {[%csl Rb7,Rc4]
>< c4, b7} (16. Ne2 {Ftacnik} O-O 17. Ng3 g6 18. Rb1 $14) 16... O-O 17. Nh4 g6
18. Rb1 a5 19. f4 Ba6 (19... exf4 {Ftacnik} 20. Bxf4 Ne5 21. Nf3 Nfd7 22. d6
Bxd6 23. Rxb7 Qxb7 24. Qxd6 $16) 20. fxe5 Qxe5 21. Nf5 Qe8 (21... gxf5 {Ftacnik
} 22. Rxf5 Qe7 23. Bd4 $40) 22. Bd4 h5 23. Nh6+ Kg7 24. Qc1 Kh7 (24... c3 {
Ftacnik} 25. Rxf6 Nxf6 26. Nf5+ gxf5 27. Qg5+ $18) 25. Rxf6 (25. Bxf6 {Ftacnik}
Nxf6 26. Rxf6 Be7 27. Rc6 Qd8 28. Nf5 $18) 25... Nxf6 26. Bxf6 Be7 (26... Bd6 {
Ftacnik} 27. Nf5 $1 gxf5 28. Qg5 $18) 27. e5 Bxf6 28. exf6 Bc8 (28... Qe5 {
Ftacnik} 29. Nf5 Qxf6 (29... gxf5 30. Qg5 $18) 30. Qh6+ Kg8 31. d6 Rfe8 32. Nc5
$18) 29. Qg5 (29. Nf5 {Ftacnik} Bxf5 30. Bxf5 Qe5 (30... Qxa4 31. Qg5 Qe8 32.
Qxh5+ Kg8 33. Qh6 $18) 31. Bc2 $16) 29... Rb8 30. Rf1 Rh8 (30... Bd7 {Ftacnik}
31. Ng8 $1 Kxg8 32. Qh6 $18) 31. h4 Rb5 (31... Qf8 {Ftacnik} 32. Nf5 Bxf5 33.
Rxf5 $18) 32. Nc3 Rb2 33. Bf5 Qf8 (33... Bxf5 {Ftacnik} 34. Nxf5 Qf8 35. Ne7
$18) (33... Bb7 {Ftacnik} 34. Be6 fxe6 35. f7 Qf8 36. Ne4 $1 Qxh6 37. Nf6+ Kg7
38. Qxh6+ Rxh6 (38... Kxh6 39. Ng8+ $18) 39. Nh7 $18) 34. Bxc8 Qxh6 (34... Qxc8
35. Nxf7) 35. Qxh6+ Kxh6 36. Be6 Rf8 (36... fxe6 37. dxe6 $18) 37. Ne4 Rb7 38.
Bh3 Rd8 39. d6 c3 40. Rc1 Rb4 (40... Kh7 41. Rxc3 Kg8 42. Rc7 $18) 41. Ng5 Rb7
42. d7 (42. d7 Rbxd7 43. Bxd7 Rxd7 44. Rxc3 $18) 1-0